000 00577nam a22001937a 4500
003 BD-DhJNU
005 20250406061757.0
008 250406b |||||||| |||| 00| 0 eng d
020 _a8174355049
040 _aBD-DhJNU
_bENG
_cBD-DhJNU
_dBD-DhJNU
082 _223
_a953.02 ALS
100 _aAli, Syed Amir
245 _aA Short History of the Saracens /
_cSyed Amir Ali
260 _aNew Delhi :
_bADAM Publishers & Distributors,
_c2006.
300 _axxi, 640p. :
_bill. ;
_c23 cm.
504 _aIncludes bibliographies and index
650 _aHistory
942 _2ddc
_cBK
_n0
999 _c1534
_d1534